| 000 | 01677cam a2200349 a 4500 | ||
|---|---|---|---|
| 999 |
_c29158 _d29129 |
||
| 001 | 15761562 | ||
| 003 | EG-ScBUE | ||
| 005 | 20210607114506.0 | ||
| 008 | 090603t2011 maua f d 001 0 eng d | ||
| 020 | _a9780763781071 (hardcopy) | ||
| 035 | _a(OCoLC)ocn373474650 | ||
| 040 |
_aDLC _beng _erda _cDLC _dYDX _dDLC _dEG-ScBUE |
||
| 082 | 0 | 4 |
_a005.133 _bSAP _222 |
| 245 | 0 | 0 |
_aSAP ABAP handbook / _cKogent Learning Solutions, Inc. |
| 264 | 1 |
_aSudbury, Massachusetts : _bJones and Bartlett Publishers, _c[2011] |
|
| 264 | 4 | _cc2011 | |
| 300 |
_axxiv, 950 pages : _billustrations ; _c24 cm. |
||
| 336 |
_2rdacontent _atext _btxt |
||
| 337 |
_2rdamedia _aunmediated _bn |
||
| 338 |
_2rdacarrier _avolume _bnc |
||
| 490 | 0 | _aThe Jones and Bartlett Publishers SAP book series | |
| 500 | _aIncludes index. | ||
| 500 | _aIncludes glossary. | ||
| 505 | 0 | _aA gateway to SAP systems -- The logon process of the SAP system -- SAP easy access -- Understanding ABAP workbench -- ABAP dictionary -- ABAP programming in ABAP editor -- Internal tables -- Accessing data in the SAP system -- Modularization techniques -- ABAP user dialogs -- The BDC and LSMW tools -- Forms in mySAP ERP: SAPscript and SAP smart forms -- Reports -- Business add-ins (BADIs) -- Object orientation in ABAP -- Introducing cross-application technologies -- Glossary. | |
| 650 | 7 |
_aABAP/4 (Computer program language) _2BUEsh |
|
| 653 |
_bCOMSCI _cJune2021 |
||
| 655 |
_vReading book _934232 |
||
| 710 | 2 | _aKogent Learning Solutions, Inc. | |
| 906 |
_a7 _bcbc _corignew _d1 _eecip _f20 _gy-gencatlg |
||
| 942 |
_2ddc _cBB |
||